000 00678nam a2200241Ia 4500
003 OSt
005 20220923230518.0
006 a|||||r|||| 00| 0
007 ta
008 Pun
024 _a282,700
037 _cTextual
040 _aARTS
_cARTS
_bPun
041 _2Pun
_aPun
082 _aO153,3NHUx, M8
100 _aਸਿੰਘ, ਦੇਵਿੰਦਰ, ਥਦ.
_9156313
245 0 _aਡੁੰਘੇ ਪਾਣੀਆਂ ਦਾ ਦੁੱਖ
260 _c1988
300 _a320ਪੰ
_ccm.
650 _aਪੰਜਾਬੀ ਸਾਹਿਤ
942 _hO153,3NHUx, M8
_cTEXL
_2CC
999 _c385394
_d385394